000 00284nam a22001337a 4500
999 _c12789
_d12789
020 _a9789351296096
082 _a616.8900
100 _aFadem Barbara
245 _aBehavioral Science
250 _a7th
260 _aIndia
_bWolters kluwer
_c2017
300 _a362 pages
942 _cBK